OECD Budget Transparency Toolkit Practical Steps for Supporting Openness, Integrity and Accountability in Public Financial Management
Na minha lista:
| Formato: | Livro |
|---|---|
| Idioma: | inglês |
| Publicado em: |
Paris
OECD
2017
|
| Assuntos: | |
| Tags: |
Sem tags, seja o primeiro a adicionar uma tag!
|
MARC
| LEADER | 00000nam a2200000 4500 | ||
|---|---|---|---|
| 001 | 0242060 | ||
| 005 | 20240314123226.8 | ||
| 020 | |a 978-92-64-28206-3 | ||
| 041 | 0 | |a eng | |
| 044 | |a FR | ||
| 245 | 1 | 0 | |a OECD Budget Transparency Toolkit |b Practical Steps for Supporting Openness, Integrity and Accountability in Public Financial Management |
| 264 | 1 | |a Paris |b OECD |c 2017 | |
| 300 | |a 100 s. | ||
| 610 | 2 | 0 | |a rozpočty |
| 610 | 2 | 0 | |a politika fiškálna |
| 610 | 2 | 0 | |a transparentnosť |
| 610 | 2 | 0 | |a financie verejné |
| 610 | 2 | 0 | |a riadenie finančné |
| 610 | 2 | 0 | |a zodpovednosť |
| 610 | 2 | 0 | |a spolupráca medzinárodná |
| 610 | 2 | 0 | |a partnerstvo strategické |
| 610 | 2 | 0 | |a organizácie medzinárodné |
| 610 | 2 | 0 | |a štandardy medzinárodné |